[Event "FIDE World Cup"]
[Site "Khanty-Mansiysk"]
[Date "2005.11.27"]
[Round "1.1"]
[White "Belkhodja, Slim"]
[Black "Tiviakov, Sergei"]
[Result "0-1"]
[WhiteElo "2490"]
[BlackElo "2700"]
[Annotator "Psakhis,L"]
[PlyCount "68"]
[EventDate "2005.11.27"]
[EventType "k.o."]
[EventRounds "7"]
[EventCountry "RUS"]
[SourceTitle "CBM 111"]
[Source "ChessBase"]
[SourceDate "2006.04.04"]
[SourceVersion "1"]
[SourceVersionDate "2006.04.04"]
[SourceQuality "1"]

1. e4 c5 2. Nf3 Nc6 3. Bb5 d6 4. O-O Bd7 5. Re1 Nf6 6. h3 $5 {A popular move,
White stops the unpleasant move Bg4 at least for a long time and hopes to
build a strong pawn centre.} g6 (6... a6 7. Bf1 g5 $5 {[%cal Gg5g4]} ({A good
substitute to the sharp move in the text could be} 7... e6 8. b3 Be7 9. Bb2 O-O
10. d3 b5 11. e5 dxe5 12. Nxe5 Nxe5 13. Bxe5 Bc6 14. Nd2 Nd7 15. Bb2 Bf6 16.
Qc1 Rc8 17. Ne4 Bxb2 18. Qxb2 Qc7 $11 {1/2-1/2 Stefansson,H-Tiviakov,S/Esbjerg
North Sea Cup 2002/ (25)}) 8. d4 $5 (8. Nxg5 Rg8 9. h4 (9. d3 h6 10. Nf3 Bxh3
11. Bf4 e5 $15) 9... h6 10. Nf3 Bg4 $44) 8... g4 9. d5 $1 (9. hxg4 Bxg4 10.
dxc5 dxc5 11. Qxd8+ Rxd8 12. Nh2 Be6 $13) 9... gxf3 (9... Ne5 10. Nxe5 dxe5 11.
hxg4 (11. h4 $14) 11... Bxg4 12. f3 Bd7 13. Be3 Qc7 14. Qd2 h5 15. Qf2 Rc8 16.
Qh4 Bh6 17. Nd2 Bxe3+ 18. Rxe3 b5 19. c4 b4 $13 {1/2-1/2 Vasiukov,E-Gutman/
Tbilisi 1979 (36)}) 10. dxc6 Bxc6 (10... bxc6 11. Qxf3 e5 $14) 11. Qxf3 e6 (
11... Bg7 $5 12. Nc3 Nd7 13. Qg3 Bd4 $13) 12. Nc3 (12. c4 Nd7 13. Nc3 Bg7 $13)
12... Be7 (12... Rg8 13. Nd5 $14) 13. Bf4 Rg8 $146 {[%cal Gg8g2]} (13... b5 14.
Rad1 Ra7 15. Qe3 Rd7 16. e5 dxe5 17. Bxe5 Rg8 18. Rxd7 (18. Bxf6 $5 Bxf6 19.
Qxc5) 18... Nxd7 19. Bg3 Nf6 20. Be5 {Psakhis,Adams: '1/2-1/2 Baklan,
V-Timoshenko,G/Enakievo 1997 (22)'} Nd7 21. Bg3 Nf6 22. Be5 {1/2-1/2 Baklan,
V-Timoshenko,G/Enakievo 1997 (22)}) 14. Rad1 {[%csl Rd6] I would prefer
White's position here: his pieces are better developed and his king is safe.} (
14. a4 $5) (14. a3 $5) 14... Rg6 15. a3 $5 {[%cal Gb2b4]} (15. Nd5 $5 exd5 16.
exd5 Nxd5 17. Rxd5) 15... Qc7 (15... Qb6 $5) (15... b5 16. b4 c4 $13) 16. b4 $5
cxb4 17. axb4 b5 $5 (17... Rc8 18. b5 Bd7 19. bxa6 bxa6 20. Ne2 a5 21. Ng3 a4
22. Nf5 $36) 18. g3 $5 {[%cal Gf1g2] 1-0 Adams,M (2731)-Hamdouchi,H (2544)/
FIDE-Wch k.o. Tripoli 2004/CBM 102/[Psakhis] (33)} (18. Rd2 Nd7 19. Red1 Ne5
$13)) (6... Ne5 7. a4 (7. Bxd7+ Nexd7 8. d3 g6 9. Nc3 Bg7 10. Bf4 O-O 11. e5
dxe5 12. Nxe5 Nxe5 13. Bxe5 Qd7 14. Qf3 Rfd8 15. Re2 Rac8 16. Rae1 Qc6 17. Qxc6
Rxc6 $11 {1/2-1/2 Frois,A-Cheparinov,I/Linares Anibal op 2002/ (52)}) 7... a6
8. Bxd7+ Nfxd7 9. Nxe5 Nxe5 10. d3 g6 11. Nc3 Bg7 12. f4 Nc6 13. f5 e6 14. Qg4
Qd7 15. Bg5 Bd4+ 16. Kh1 h6 17. Bh4 g5 18. Bg3 O-O-O $132 {1/2-1/2 Adams,
M-Banikas,H/EUR-Cup Halkidiki 2002/ (38)}) (6... e6 7. c3 a6 (7... Ne5 8. Bxd7+
Qxd7 (8... Nfxd7 9. d4 Nxf3+ 10. Qxf3 Be7 11. Na3 O-O 12. Be3 Rc8 13. Rad1 cxd4
{1/2-1/2 Timman,J (2630)-Tiviakov,S (2700)/Pamplona 2005/The Week in Chess 582}
) 9. d4 Nxf3+ 10. Qxf3 cxd4 11. cxd4 d5 12. e5 Ne4 13. Nd2 Bb4 14. Nxe4 Bxe1
15. Nd6+ Kf8 16. Bh6 $5 Bb4 17. Bxg7+ Kxg7 18. Qf6+ Kg8 $11 {1/2-1/2 Stocek,
J-Babula,V/2003 (23)}) 8. Bf1 Be7 9. Na3 (9. d4 cxd4 10. cxd4 d5 11. e5 Ne4 12.
Nbd2 Nxd2 13. Bxd2 Rc8 14. Qb3 b5 15. Rac1 O-O 16. Qe3 Qb6 17. Bd3 f5 18. exf6
Bxf6 19. Ne5 Nxe5 20. dxe5 Qxe3 21. Rxe3 Rxc1+ 22. Bxc1 Rc8 23. Bd2 Bd8 $11 {
0-1 Pierrot,F-Topalov,V/Moscow FIDE-Wch k.o. 2001/CBM 86 (61)}) 9... O-O 10.
Nc2 Ne5 11. d3 Nxf3+ 12. Qxf3 Ba4 13. Qe2 Bc6 14. g3 d5 15. e5 Nd7 16. h4 Qb6
17. Bg2 Rae8 18. Rb1 Bd8 19. b4 Qc7 20. Bf4 Be7 21. Ne3 cxb4 22. cxb4 Qb6 $13 {
1/2-1/2 Leko,P-Topalov,V/Dortmund 82/169 2001 (37)}) 7. c3 Ne5 {This move has
become quite popular in the last couple of years.} ({Black could simply play} 
7... Bg7 {and after the most natural} 8. d4 O-O 9. dxc5 (9. a4 cxd4 10. cxd4 d5
11. e5 Ne4 12. Nc3 Nxc3 13. bxc3 Na5 14. Bd3 Rc8 15. Ra3 Nc4 16. Bxc4 Rxc4 17.
Nd2 Rc7 18. Qf3 Be6 19. Nb3 b6 20. a5 Qd7 21. axb6 axb6 22. Bd2 Bf5 {1/2-1/2
Tsuboi,E (2341)-Leitao,R (2581)/BRA-ch Sao Paolo 2001/ (49)}) (9. d5 Ne5 10.
Bxd7 Nxf3+ 11. Qxf3 Nxd7 12. Qe2 a6 13. a4 Qa5 14. Bg5 Rfe8 15. Nd2 h6 16. Bf4
g5 17. Bg3 b5 18. axb5 Qxb5 19. Nc4 a5 {1/2-1/2 Kveinys,A (2555)-Kupreichik,V 
(2500)/Gistrup 1997/ChessBase (66)}) 9... dxc5 10. Na3 a6 11. Bf1 b5 {his
position is not bad at all, for example:} 12. e5 Ne8 13. Be3 c4 14. Bf4 Nc7 15.
Nc2 Ne6 16. Bg3 Qb6 17. b3 cxb3 18. axb3 Rfd8 $13 {1-0 Kochetkov,G-Kupreichik,
V/Minsk 1999 (43)}) 8. Bxd7+ Nfxd7 (8... Qxd7 9. d4 Nxf3+ 10. Qxf3 cxd4 11.
cxd4 Bg7 (11... d5 $5 12. e5 Ne4) 12. Nc3 O-O 13. e5 $36) 9. Nxe5 (9. d4 Nxf3+
10. Qxf3 Bg7 11. Be3 O-O 12. dxc5 dxc5 (12... Nxc5 $5 13. Bxc5 dxc5 14. a4 Qd7
15. Qe2 Rad8 16. Qb5 Qc7 17. Na3 Rd7 18. Nc4 Rfd8 19. g3 Be5 20. Re3 g5 $11 {
1/2-1/2 Oratovsky,M-Tiviakov,S/Bastia op 2003/ (23)}) 13. Qe2 (13. Na3 a6 14.
Rad1 Qc7 15. Bf4 Qc6 $13) 13... Qc7 14. Nd2 Rfc8 15. f4 c4 $1 {0-1 Visser,Y 
(2445)-Tiviakov,S (2593)/NED-ch Leeuwarden 2004/CBM 102/[Psakhis] (43)}) 9...
dxe5 (9... Nxe5 10. d4 cxd4 11. cxd4 Nc6 12. Nc3 Bg7 13. Be3 $14) 10. Qe2 $146
(10. d3 $142 $5 Bg7 11. Be3 O-O 12. Nd2 Qc7 13. Qb3 Rfd8 14. Rad1 a6 (14... Nf6
15. Nf3 $14) (14... Nf8 15. Nf3 Ne6 16. Ng5 Nxg5 17. Bxg5 Rd7 18. Be3 Rad8 19.
Qc4 $14) 15. a4 Rab8 16. Qa3 $5 $11 {1/2-1/2 Predojevic,B (2549)-Jankovic,A 
(2480)/Pula 2005 (44)}) 10... Bg7 11. a4 O-O 12. Na3 Qc7 13. d3 Rfd8 14. Be3
Nf8 $1 {[%cal Gf8e6,Ge6f4]} 15. Red1 Ne6 16. Rac1 $6 {[%csl Ra4][%cal Gb2b4,
Gd3d4]} (16. Nc4 Rd7 17. g3 $5 Rad8 18. a5 $13) 16... Qd7 17. b3 h5 $5 18. Nc4
h4 19. Qb2 (19. Qg4 Bf6 $15) 19... b6 $11 20. b4 $5 {An interesting positional
idea - after taking the pawn a4 the black queen will be out of the game for a
long time - but, perhaps, this move is too ambitious.} Qxa4 (20... f5 21. f3 $5
) 21. b5 {[%csl Ra4]} Nc7 (21... Rxd3 22. Rxd3 Qxc4 23. Rd7 Qxe4 24. Qa2 $5 $36
) 22. Rb1 Rac8 (22... Bf6 $142 $5 {[%cal Gf6h4]}) 23. Bg5 $5 Rd7 24. Ne3 (24.
Bxh4 Rcd8 25. Qb3 $5 Qxb3 26. Rxb3 f6 27. Ra1 Ne6 $13) 24... Rcd8 25. Nd5 $2 ({
White's last chance for obtaining an acceptable game was} 25. c4 $1 Rxd3 $140
26. Rxd3 Rxd3 27. Ra1 Qb4 28. Qa2 $1 $36) 25... Nxd5 (25... c4 $6 26. Nxe7+ Kh7
27. Nd5 Rc8 28. dxc4 $14) 26. exd5 c4 $1 {Most likely Belkhodja underestimated
this move.} 27. Ra1 (27. dxc4 Qxc4 {[%csl Rd5]}) 27... Qb3 28. Qxb3 cxb3 29. c4
e4 $1 $19 30. Rab1 (30. Ra3 b2 31. dxe4 Rc8 32. Ra4 Rdc7 $19 {[%csl Gb2,Rc4]})
30... b2 31. d4 (31. dxe4 Rc8) 31... Rc8 32. Rxb2 Rxc4 33. Kf1 Bxd4 34. Rbd2
Bc5 0-1

[Event "RUS-CHN Summit Men 2nd"]
[Site "Moscow"]
[Date "2004.08.12"]
[Round "3"]
[White "Zvjaginsev, Vadim"]
[Black "Xu, Jun"]
[Result "1-0"]
[WhiteElo "2650"]
[BlackElo "2617"]
[Annotator "Psakhis,L"]
[PlyCount "61"]
[EventDate "2004.08.10"]
[EventType "schev"]
[EventRounds "6"]
[EventCountry "RUS"]
[SourceTitle "CBM 103"]
[Source "ChessBase"]
[SourceDate "2004.11.11"]
[SourceVersion "1"]
[SourceVersionDate "2004.11.11"]
[SourceQuality "1"]
[WhiteTeam "Russia"]
[BlackTeam "China"]
[WhiteTeamCountry "RUS"]
[BlackTeamCountry "CHN"]

1. e4 c5 2. Nf3 d6 3. Bb5+ Nc6 4. O-O Bd7 5. Re1 {A very popular line nowdays
even in the top tournaments.} Nf6 6. c3 ({Worth considering and} 6. h3 $5 {
stoping development of black bishop on g4.}) 6... a6 7. Bf1 Bg4 8. d3 e6 9.
Nbd2 Be7 10. h3 Bh5 11. g4 (11. Qc2 d5 12. Nh2 Qc7 13. g3 O-O 14. Ndf3 b5 15.
e5 Nd7 16. Bf4 b4 $13 {1/2-1/2 Sokolov,A-Volzhin,A/Russia (ch) 1996/(48)})
11... Bg6 12. Nh4 Nd7 13. Nxg6 (13. Ng2 O-O 14. f4 h6 15. Qf3 Bh7 16. Qg3 Kh8
17. Nf3 Qc7 18. Kh2 Rae8 19. Bd2 b5 20. Rad1 Qb7 21. f5 Nde5 $132 {1/2-1/2
Vescovi,G-Movsesian,S/Bermuda Fourways 2004/ (32)}) 13... hxg6 14. f4 (14. Nf3
Nde5 15. Nxe5 dxe5 16. Be3 O-O 17. a3 b6 18. Qd2 Qc7 19. b4 Rad8 20. Qa2 Rd7
21. Rab1 Rc8 22. bxc5 Bxc5 23. Bxc5 bxc5 $11 {[%csl Rf1] 0-1 Miljutin,
O-Ovsijevitsch,S/Alushta op 2000 (35)}) 14... e5 (14... Bh4 15. Re2 g5 16. f5
Nde5 17. Re3 O-O 18. Bg2 d5 19. exd5 exd5 20. Nf3 Nxf3+ 21. Qxf3 d4 22. Re4
dxc3 23. bxc3 Qf6 24. Bb2 Rad8 25. Rd1 Qd6 26. d4 $36 {Rublevsky,S-Timoshenko,
G/Moscow Aeroflot-A 2004//1-0 (55)}) (14... g5 $5 15. f5 Nde5 16. Nf3 Bf6 17.
Be3 b5 18. a3 Rc8 19. Rc1 O-O 20. Nh2 Re8 21. b3 Nd7 22. Nf3 d5 23. fxe6 fxe6
24. exd5 exd5 25. d4 $14 {1/2-1/2 Lipka,J-Shaposhnikov,E/Pardubice KB op 2003/
(45)}) 15. f5 {[%mdl 4]} Bg5 $146 (15... Bh4 16. Re2 Bg5 17. fxg6 (17. Nc4 $5)
17... fxg6 18. Qb3 Nf8 (18... Nf6 $142 19. Nc4 Bxc1 20. Qxb7 Bf4 21. Qxc6+ Ke7
{[%csl Gf4]}) 19. Nc4 Bxc1 20. Qxb7 Nd7 21. Rxc1 $18 Na5 22. Nxa5 Rb8 23. Qxa6
Ra8 24. Qxd6 {1-0 Kuczynski,R-Lukaszewski,M/POL t-ch Zakopane 2000/ (24)}) (
15... gxf5 16. exf5 d5 17. Bg2 {[%csl Rd5]}) 16. Nc4 (16. fxg6 fxg6 17. Qb3 $5)
16... Bxc1 17. Rxc1 Nb6 (17... b5 $5 18. Ne3 (18. Nxd6+ $2 Ke7 {[%csl Rd6]})
18... Qg5 19. Nd5 Rc8 $13) 18. Ne3 gxf5 {Xu Jun either underestimated the
danger or didn't see a decent alternative.} ({I would prefer} 18... g5 $5 {
keeping position close.}) 19. exf5 $1 {In my opinion White has some advantage
here; maybe small, but lasting.} d5 20. Bg2 Kf8 (20... Qd6 21. Qb3 Ne7 22. c4
$5 d4 23. Nf1 {[%cal Gf1d2,Gd2e4]}) 21. Qf3 f6 (21... d4 22. Nc4 (22. Nd1 $5 {
[%cal Gd1f2]}) 22... Nxc4 23. dxc4 {[%csl Gg2]}) 22. Red1 {[%cal Gc3c4,Gd3d4]
Good prophylactic move.} d4 (22... Ne7 $5) 23. Nf1 $1 dxc3 24. bxc3 Qc7 25. Qf2
$1 $16 {[%csl Ra8,Rf8,Gg2,Rh8][%cal Gf1g3,Gg3e4] White has accomplished his
strategical plan and stands much better.} Ne7 (25... Na4 26. Ng3 (26. d4 $5)
26... Rd8 27. Ne4 $16) 26. d4 $1 {White succeeded in consolidating all his
pieces and has a decisive strong pressure in the center.} Rd8 (26... Re8 $5)
27. dxe5 Rxd1 28. Rxd1 fxe5 29. Ng3 $18 {[%csl Rf8] The rest is simple.} Rh6
30. Ne4 {[%cal Gf2c5,Ge4g5]} Ned5 31. g5 (31. g5 Rc6 (31... Rh8 32. Nxc5 Nf4
33. Ne6+ Nxe6 34. fxe6+ Ke8 35. Rb1 $18) 32. Qh4 $18) 1-0

[Event "ESP-chT"]
[Site "Sanxenxo"]
[Date "2004.11.26"]
[Round "9"]
[White "Bologan, Viktor"]
[Black "Suba, Mihai"]
[Result "1-0"]
[WhiteElo "2669"]
[BlackElo "2516"]
[Annotator "Psakhis,L"]
[PlyCount "101"]
[EventDate "2004.11.18"]
[EventType "team"]
[EventRounds "9"]
[EventCountry "ESP"]
[SourceTitle "CBM 105"]
[Source "ChessBase"]
[SourceDate "2005.04.11"]
[SourceVersion "1"]
[SourceVersionDate "2005.04.11"]
[SourceQuality "1"]

{[%mdl 4]} 1. e4 c5 2. Nf3 d6 3. Bb5+ Nd7 4. d4 Ngf6 5. O-O cxd4 6. Qxd4 g6 {
An old-fashioned move which nowadays is almost totally displaced by} (6... e5
$5) 7. e5 dxe5 8. Nxe5 (8. Qxe5 $5 Bg7 9. Re1 e6 10. Qd6 a6 11. Bf1 $5 ({
Few years ago Rublevsky tried the move} 11. Ba4 {but without big success:} Qe7
12. Qxe7+ Kxe7 13. Bd2 Nd5 14. c4 N5b6 15. Bb4+ Ke8 {[%csl Rb2,Rc4,Gg7]} 16.
Nc3 a5 $1 {0-1 Rublevsky,S-Ivanchuk,V/Frankfurt Masters 2000/ (55)}) 11... Qe7
12. Qxe7+ Kxe7 13. Nbd2 b6 14. b3 {Black does not have weak pawns but falls
behind in development} Kf8 $146 {This novelty doesn't change the character of
the position much: White has a small but long-lasting advantage, while Black
tries to equalise step by step.} (14... Nd5 15. Ba3+ Nc5 16. Rad1 Bc3 (16...
Bb7 17. Ne4 $14) 17. Re4 a5 18. Rc4 Ba6 19. Nb1 Bg7 20. Bxc5+ bxc5 21. Rxc5
Rhc8 22. Rxc8 Bxc8 23. a4 $14 {Rublevsky,S-Bistric,F/Bled (ol) 1/2-1/2 (39)})
15. Nc4 Kg8 (15... Nd5 16. Ba3+ Kg8 17. Rad1 Bc3 $5) 16. Ba3 (16. Bb2 Bb7 17.
Nfe5 Nxe5 18. Nxe5 (18. Bxe5 Nd5 $11) 18... Nd7 $1 19. Nxd7 (19. Rad1 Nxe5 20.
Bxe5 Bxe5 21. Rxe5 Kg7 $11) 19... Bxb2 20. Rab1 (20. Nxb6 $2 Bxa1 21. Nxa8 Bc3
22. Re3 Ba5 23. Re5 Bd5 24. c4 f6) 20... Bc3 21. Re3 Rd8 22. Nc5 $1 bxc5 23.
Rxc3 Rc8 24. Rd1 $14) 16... Bb7 17. Nfe5 (17. Ng5 $5 {[%cal Rc4d6]} Ne8 (17...
Nd5 18. Rad1 Bc3 19. Nd6 $1 {[%cal Gd6b7,Gg5f7]}) 18. Rad1 Bd5 19. Ne4 $14)
17... Nxe5 18. Nxe5 $36 {1-0 Rublevsky,S-Ye Jiangchuan/RUS-CHN m Moscow 2004/
CBM 103/[Psakhis(32)}) 8... Bg7 9. Rd1 O-O 10. Nxd7 ({White failed to get any
advantage after} 10. Nc3 Qb6 11. Be3 (11. Nxd7 Nxd7 12. Qb4 (12. Qxb6 Nxb6 13.
Bg5 a6 14. Bf1 Re8 15. Be3 Bxc3 16. bxc3 Na4 17. c4 Be6 $11) (12. Qa4 Nf6 13.
Be3 Qc7 14. Bf4 Qc5 $11) 12... a6 13. Be3 (13. Nd5 Qxb5 14. Qxb5 axb5 15. Nxe7+
Kh8 16. Nxc8 Raxc8 17. Rxd7 Rxc2 $11) 13... Bxc3 14. Bxb6 Bxb4 15. Bxd7 Bd6 16.
Bxc8 Raxc8 17. c3 {1/2-1/2 Rublevsky,S-Yermolinsky,A/Hyderabad 2002/(17)})
11... Qxd4 12. Bxd4 Nxe5 13. Bxe5 Be6 14. Ne2 Rfc8 15. Bd3 Bc4 16. c3 Bxd3 17.
Rxd3 a6 18. Rad1 b5 19. h3 e6 20. Rf3 Nd5 21. Bxg7 Kxg7 22. Nd4 Ra7 {0-1
Golubev,M-Suba,M/ROM t-ch 1997/ChessBase (41)}) (10. Qa4 Qc7 11. Nxd7 Bxd7 12.
Bxd7 Rfd8 13. Nc3 (13. Bg4 $2 b5 $1 $17) 13... Rxd7 14. Bf4 Qb6 $11) 10... Nxd7
11. Qa4 ({a)} 11. Qh4 Qb6 (11... Qc7 $2 12. Qxe7 $16) (11... e6 12. Qxd8 Rxd8
13. Bg5 f6 14. Be3 $16 a6 $140 $2 15. Bb6 $1 $18) 12. a4 (12. Bxd7 Rd8 (12...
Bxb2 $5 13. Bxb2 Qxb2 14. Bxc8 (14. Qd4 $2 Qxd4 15. Rxd4 Rd8) 14... Qxa1 15.
Bxb7 Rad8 $11) 13. Nc3 Rxd7 14. Nd5 Qd8 15. c4 b5 16. Re1 f6 17. Qe4 Bb7 18.
Nxe7+ Kf8 19. Nxg6+ hxg6 20. Qxg6 bxc4 21. h4 Rf7 {0-1 Velicka,P-Kalod,R/
CZE-ch Ostrava 2002/(38)}) 12... Nf6 13. Nc3 Bf5 14. a5 Qc5 15. Be3 Qc7 16. Bf4
Qc5 17. Be3 Qc7 18. Bf4 {1/2-1/2 Shirov,A-Suba,M/Bilbao op 2001}) 11... Nc5 $1
{This strong and logical move is quite new.} (11... Qc7 $2 12. Bxd7 Rd8 13. Bg4
Bxg4 14. Qxg4 Qxc2 15. Re1 Bxb2 16. Na3 $1 $18 {Rublevsky,S}) ({Black also
could try similiar idea, playing} 11... Nb6 $5 {for example:} 12. Rxd8 Rxd8 13.
Qf4 Rd1+ 14. Bf1 Nd5 15. Qa4 Rxc1 16. Nc3 Rxa1 17. Qe8+ Bf8 18. Nxd5 Be6 19.
Qxa8 Bxd5 $44 {Ivanchuk,V}) 12. Rxd8 $8 Rxd8 13. Qf4 (13. Qb4 $6 Rd1+ 14. Bf1
Rxc1 {[%csl Ra1,Rb1]}) 13... Rd1+ 14. Bf1 Ne6 $1 15. Qe3 Bd4 16. Qd2 $5 $146 (
16. Qh6 Bg7 $11 {Howell,D-Pert,R Oslo op 2004}) 16... Rxd2 17. Nxd2 Bd7 $11 {
[%mdl 4096] Black achieved everything he wanted from the opening} 18. c3 (18.
Nf3 Bf6) 18... Bg7 19. Nb3 Ba4 {It seems that this natural move is innacurate.
Worth consideration} (19... b6 $5) 20. Bc4 $1 {[%cal Gc4e6]} Rd8 (20... Nc7 $5)
21. Be3 b6 (21... Nc7 22. Bxa7 b5 23. Bf1 Ra8 {[%cal Oa8a7,Ra4b3]} 24. Bb6 $8
Nd5 25. Ba5 e6 $14) 22. Bxe6 fxe6 {[%csl Re6,Re7] Here Black should play very
accurately in order not to get the worst position.} 23. f3 Rd5 24. Nd2 Bc2 25.
Rc1 Bd3 26. Kf2 $14 Ra5 27. a3 Kf7 28. Ne4 h6 $5 29. Rd1 Rd5 30. Rd2 Bc4 (30...
Bxe4 31. fxe4 Rxd2+ 32. Bxd2 $16) (30... g5 $5 {[%cal Gf7g6]}) 31. Bd4 $1 e5 {
[%csl Rg7]} (31... Bf8 32. f4 $5 {[%csl Gd4]}) 32. Be3 Ke6 33. Rxd5 Kxd5 {
White keeps some advantage, but I don't believe that he can get something real.
} 34. Nd2 $1 Bd3 35. b3 Kc6 (35... e4 $5 36. c4+ Ke5 37. fxe4 Bxe4 38. c5 $36)
36. c4 a5 37. Ke1 {[%cal Ge1d1,Gb3b4]} e4 (37... a4 $142 $1 38. b4 $140 $6 e4
$1 {[%cal Cf3e4,Rg7b2]}) 38. Nxe4 a4 39. Kd2 (39. bxa4 Bxc4 40. Bd2 $5 {
[%cal Ga4a5]}) 39... Bxe4 (39... Bf1 $5) 40. fxe4 axb3 41. a4 $1 g5 ({Why not} 
41... h5 $5) 42. h3 Be5 (42... Bb2 {[%cal Ge7e5]} 43. Kd3 Be5 $11) 43. Kd3 e6
44. h4 gxh4 45. Bxh6 b2 (45... Bd4 $5 46. Bg5 b2 47. Kc2 Kc5) 46. Kc2 Kc5 47.
Bg5 Kc6 {To be honest, I don't believe to notation since this move, for
instance Black could simply take pawn c4. It looks that endgame is just equal.}
(47... Kb4 $5 48. Bxh4 Ka3 49. Kb1 $8 Kxa4 50. Bf2 Kb3 51. Bxb6 Kxc4 52. Kc2 $1
$11) 48. Bh6 Kc5 49. Bg5 Kc6 50. Bh6 Kc5 51. Bg5 1-0

[Event "RUS-CHN Summit Men 2nd"]
[Site "Moscow"]
[Date "2004.08.15"]
[Round "5"]
[White "Rublevsky, Sergei"]
[Black "Ye, Jiangchuan"]
[Result "1-0"]
[WhiteElo "2686"]
[BlackElo "2681"]
[Annotator "Psakhis,L"]
[PlyCount "65"]
[EventDate "2004.08.10"]
[EventType "schev"]
[EventRounds "6"]
[EventCountry "RUS"]
[SourceTitle "CBM 103"]
[Source "ChessBase"]
[SourceDate "2004.11.11"]
[SourceVersion "1"]
[SourceVersionDate "2004.11.11"]
[SourceQuality "1"]
[WhiteTeam "Russia"]
[BlackTeam "China"]
[WhiteTeamCountry "RUS"]
[BlackTeamCountry "CHN"]

1. e4 c5 2. Nf3 d6 3. Bb5+ Nd7 4. d4 Ngf6 5. O-O cxd4 (5... Nxe4 6. Qe2 Nef6 7.
dxc5 dxc5 8. Rd1 {[%csl Gb5,Gd1,Gf3]} a6 9. Bc4 e6 10. Ng5 {[%csl Re6]} Qb6 11.
Bxe6 fxe6 12. Nxe6 Be7 13. Re1 Ng8 14. Bf4 $18 {1-0 Velicka,P-Johann,C/Passau
op 2000/CBM 76 ext (20)}) 6. Qxd4 g6 (6... e5 7. Qd3 Be7 8. Nc3 (8. c4 $5) 8...
O-O 9. Be3 Qc7 10. Bc4 a6 11. Bd5 Nb6 12. Bxb6 Qxb6 13. a4 Bd7 14. Nd2 $14 {
1-0 Nevednichy,V-Loiret,S/Avoine op 2002/ (37)}) (6... a6 $5) 7. e5 dxe5 8.
Qxe5 $5 (8. Nxe5 Bg7 9. Rd1 O-O 10. Nxd7 (10. Nc3 Qb6 11. Nxd7 Nxd7 12. Qb4 a6
13. Be3 Bxc3 14. Bxb6 Bxb4 15. Bxd7 Bd6 16. Bxc8 Raxc8 17. c3 {1/2-1/2
Rublevsky,S-Yermolinsky,A/Hyderabad 86/179 2002/Inf 86 (17)}) 10... Nxd7 11.
Qa4 Nc5 12. Rxd8 Rxd8 13. Qf4 Rd1+ 14. Bf1 Ne6 15. Qe3 Bd4 16. Qh6 Bg7 17. Qe3
Bd4 18. Qh6 Bg7 {1/2-1/2 Howell,D-Pert,R/Oslo op 2004 (18)}) 8... Bg7 9. Re1 e6
10. Qd6 a6 11. Bf1 $5 {[%mdl 4]} ({Few years ago Rublevsky tried the move} 11.
Ba4 {but without big success:} Qe7 12. Qxe7+ Kxe7 13. Bd2 Nd5 14. c4 N5b6 15.
Bb4+ Ke8 {[%csl Rb2,Rc4,Gg7]} 16. Nc3 a5 $1 {0-1 Rublevsky,S-Ivanchuk,V/
Frankfurt Masters 2000/ (55)}) 11... Qe7 12. Qxe7+ Kxe7 13. Nbd2 b6 14. b3 {
Black does not have weak pawns but falls behind in development} Kf8 $146 {
This novelty doesn't change the character of the position much: White has a
small but long-lasting advantage, while Black tries to equalise step by step.}
(14... Nd5 15. Ba3+ Nc5 16. Rad1 Bc3 (16... Bb7 17. Ne4 $14) 17. Re4 a5 18. Rc4
Ba6 19. Nb1 Bg7 20. Bxc5+ bxc5 21. Rxc5 Rhc8 22. Rxc8 Bxc8 23. a4 $14 {
Rublevsky,S-Bistric,F/Bled (ol) 1/2-1/2 (39)}) 15. Nc4 Kg8 (15... Nd5 16. Ba3+
Kg8 17. Rad1 Bc3 $5) 16. Ba3 Bb7 17. Nfe5 (17. Ng5 $5 {[%cal Rc4d6]} Ne8 (17...
Nd5 18. Rad1 Bc3 19. Nd6 $1 {[%cal Gd6b7,Gg5f7]}) 18. Rad1 Bd5 19. Ne4 $14)
17... Nxe5 18. Nxe5 Ne4 (18... Rd8 19. Rad1 Rxd1 20. Rxd1 Nd5 21. Bb2 $36 {
[%csl Rg8]}) 19. Bb2 Rc8 20. Rad1 $1 {White plays very aggressively, hoping,
that this is the precisest way to punish black for his opening strategy.} (20.
c4 $5) 20... Bf6 (20... h5 21. Rd7 (21. c4 $5) 21... Nc5 22. Rd6 b5 23. c4 $1)
21. Rd7 (21. c4 $5 {[%cal Gd1d7]}) 21... Nc5 $8 22. Rd6 b5 $8 23. Bd4 {After
this move there is no doubt of White's overwhelming advantage.} Kg7 (23... Be7
24. Bxc5 Bxd6 25. Bxd6 Rxc2 26. Ng4 $18) (23... Ne4 24. Rb6 $18) 24. b4 $1 {
First of all White has to include new forces into the offence.} Ne4 25. Rd7 {
[%csl Gd7][%cal Rd7b7,Rd7f7] It becomes clear that black pieces are absolutely
useless.} Rhd8 $8 (25... Rcd8 26. Rxb7 Rxd4 27. Nxf7) 26. Rxb7 Rxd4 27. Nxf7
$18 Kg8 $8 28. Rxe4 $1 Rxe4 29. Nd6 {[%cal Rd6e4,Rd6c8]} Rf4 30. Nxc8 Bd4 31.
Ne7+ Kh8 32. Nc6 Bxf2+ 33. Kh1 1-0